Điều trị học nội khoa
Nội dung sách giới thiệu những kiến thức cơ bản giúp sinh viên có thể khu trú được các bệnh lý liên quan qua đó đề đạt và phân tích được các xét nghiệm...
সংরক্ষণ করুন:
| প্রধান লেখক: | |
|---|---|
| বিন্যাস: | গ্রন্থ |
| ভাষা: | Undetermined |
| প্রকাশিত: |
Hà Nội
Y học
2009
|
| বিষয়গুলি: | |
| ট্যাগগুলো: |
ট্যাগ যুক্ত করুন
কোনো ট্যাগ নেই, প্রথমজন হিসাবে ট্যাগ করুন!
|
| Thư viện lưu trữ: | Trung tâm Học liệu Trường Đại học Cần Thơ |
|---|
| LEADER | 00813nam a2200193Ia 4500 | ||
|---|---|---|---|
| 001 | CTU_240343 | ||
| 008 | 210402s9999 xx 000 0 und d | ||
| 082 | |a 616.075 | ||
| 082 | |b Ph557 | ||
| 100 | |a Đặng, Vạn Phước | ||
| 245 | 0 | |a Điều trị học nội khoa | |
| 245 | 0 | |c Đặng Vạn Phước, Châu Ngọc Hoa (Chủ biên) | |
| 260 | |a Hà Nội | ||
| 260 | |b Y học | ||
| 260 | |c 2009 | ||
| 520 | |a Nội dung sách giới thiệu những kiến thức cơ bản giúp sinh viên có thể khu trú được các bệnh lý liên quan qua đó đề đạt và phân tích được các xét nghiệm... | ||
| 650 | |a Bệnh lý học,Pathology | ||
| 910 | |a Tuyến | ||
| 980 | |a Trung tâm Học liệu Trường Đại học Cần Thơ | ||